000 006740000a22001930004500
090 _aAR
_b04081
245 1 0 _aCorrelación morfo-específica en flores de Palicourea padifolia (Rubiaceae)
650 1 4 _aPolinización
_994027
650 1 4 _aRelación planta-animal
_992861
650 1 4 _aMorfología vegetal
_918295
650 1 4 _aColibrís
_997916
651 4 _lParque Ecológico Francisco Xavier Clavijero
_mXalapa
_dVeracruz
_pMéxico
_992749
653 _gPalicourea
_ePalicourea padifolia
041 0 _aEspañol
700 1 _aOrnelas, Juan Francisco
_997913
100 1 _aHernández, Angélica
_997924
942 _cARTICULO
773 1 _tBol. Soc. Bot. Méx.
_q35-41
_d2003
_g73
999 _c13113
_d13113